000 00544nam a2200217Ia 4500
005 20260429112106.0
008 260429s9999||||xx |||||||||||||| ||und||
020 _a9781032465463
041 _aEnglish
082 _a572.865
_bLAT
100 _aLatchman, David S.
245 0 _aGene control /
_cDavid S. Latchman
250 _a3rd ed.
260 _aBoca Raton :
_bCRC Press,
_c2025.
300 _axx, 557 p.; pbk
650 _a Bacteria
650 _a Chromatin
650 _aGene
700 _a Cheriyath, Venugopalan
942 _cTB
999 _c52305
_d52305